01240cgm a22003015a 45000010005000000030006000050050017000110070024000280070024000520080041000760100017001170170037001340200018001710400029001890500034002180820015002521000020002672450127002872600050004143000048004645050007005125110069005195200246005885210019008345210018008536500033008717000034009043699FISKH20240422142455.0m|||||||||||||||| m||||||||||||||||20006 010906s1997 xxu001 mleng  a 2001643588 aPA965-428bU.S. Copyright Office a9781869559465 aDLCcDLCeamimdDLCbeng00aCGC 9323-9328 (viewing print) a398.20942  aSmith, Annette 04aThe gingerbread man /cRetold by Annette Smith; Illustrated by Rachel Tonkin ; Gingerbread man created by Nathan Mitchell  aVictoria : bNelson Cengage Learning, c1997. a32 pages : bcolor illustrations ; c21 cm  aG 1 aKenneth Branagh, Embeth Davidtz, Robert Downey Jr. Daryl Hannah. aWhen a little old lady bakes a gingerbread man, he comes alive and runs away. She chases him and along the way other animals try convincing him to stop. Finally, he arrives at a river where he must decide whether to accept an old fox's help.8 a380 bLexile 8 aG bRaz-Plus  aFairytale xGingerbread man  aTonkin, Rachel eIllustrator